000 00664nam a2200217Ia 4500
005 20250508162323.0
008 008 250505s9999 xx 000 0 eng d
020 _a0-13-274662-X
037 _aTextual
040 _aFEDL
_beng
_cFEDL
041 _aeng
_2eng
084 _a371.91, RHO
_qFEDL
100 _aRhodes William C
_988556
245 0 _aEmotionally disturbed and deviant children: New views and approaches
260 _aEnglewood Cliffs
_b Prentice-Hall
_c1978
300 _avi,282p.
490 _aPrentice-Hall in special education
700 _a Paul James L
_9772847
942 _cTEXL
_h371.91, RHO
999 _c1375819
_d1375819